| 000 | 00672nam a2200181Ia 4500 | ||
|---|---|---|---|
| 008 | 090201s9999 xx 000 0 und d | ||
| 010 | _aKPL-67295 | ||
| 040 | _bमराठी | ||
| 041 | _aमराठी | ||
| 082 |
_a44339 _b67295 |
||
| 100 | _aआनंद पाटील | ||
| 245 |
_aतुळव (तौलनिक साहित्यातील निबंध) _cआनंद पाटील |
||
| 250 | _a1 | ||
| 260 |
_c2005 _bज्ञानदा पब्लिकेशन प्रा.लि. |
||
| 300 |
_a329 _bमोठा |
||
| 600 | _aतुळव (तौलनिक साहित्यातील निबंध) | ||
| 942 | _cBOOK | ||
| 999 |
_c241368 _d241368 |
||